| 000 | 00978nam a22003017a 4500 | ||
|---|---|---|---|
| 003 | DO-SdBPM | ||
| 005 | 20251106100048.0 | ||
| 007 | ta | ||
| 008 | 151124b1977 sp| 00| 0 spa d | ||
| 020 | _a8471561751(obra completa) | ||
| 020 | _a8471560690 (v.1) | ||
| 040 |
_a DO-SdBPM _bspa _cBPMSU _erda |
||
| 082 | 4 |
_aR036 _bE56j 1977 _222 |
|
| 245 | 0 | 0 |
_aEnciclopedia juvenil / _ctraductores Julio Alvarez ...[y otros] |
| 260 | _c | ||
| 264 |
_aMadrid : _bMediterráneo Diego de León _c1977 |
||
| 300 |
_a10 volumenes ; _bilustraciones : _g20 cm |
||
| 336 |
_atexto _btxt _2rdacontent |
||
| 337 |
_asin mediación _bn _2rdamedia |
||
| 338 |
_avolumen _bnc _2rdacarrier |
||
| 490 | 0 |
_aEdime _aEdime |
|
| 505 | 0 | _aT. 1 : Aare basi -- T. 6 : Inci Maq -- T. 8 : Orga Put -- T. 9 Que Sof | |
| 590 | _aInventariado, 2025/VM | ||
| 650 | 7 | _aEnciclopedias y diccionarios | |
| 700 | 1 |
_aAlvarez Julio _etraductor |
|
| 910 | _aVMateo V. Control de calidad. BPMSU | ||
| 942 |
_2ddc _cBK |
||
| 999 |
_c8887 _d8887 |
||